000 00249nam a2200097 a 4500
008 111125s2006|||| d
245 1 0 _aZEmplínska šírava a súčasnosť
260 _bMédia Group
_aBratislava
_c2006
020 _c20
044 _axo
_cSK
999 _c19871
_d19871